| 000 | 00000nam##2200000za#4500 |
| 001 | 9.600351 |
| 003 | CaOODSP |
| 005 | 20210624205533 |
| 007 | cr ||||||||||| |
| 008 | 150406|2000||||xxc|||||o f|0| 0 fre|d |
| 040 | |aCaOODSP|bfre |
| 043 | |an-cn--- |
| 086 | 1 |aBT31-4/7-2000F-PDF |
| 110 | 1 |aCanada. |bConseil du trésor. |
| 245 | 10|aOffice national de l'énergie, rapport sur le rendement pour la période se terminant le 31 mars 2000 |h[ressource électronique] |
| 260 | |aOttawa - Ontario : |bSecrétariat du Conseil du Trésor du Canada |cc2000. |
| 300 | |a51p.|bfigures en couleur, graphiques, tableaux |
| 490 | 1 |aRapport sur le rendement pour la période se terminant le 31 mars 2000 |vPour la période se terminant le 31 mars 2000 |
| 500 | |aLe n° de catalogue (BT31-4/7-2000) et l’ISBN (0-660-61390-5) de l'édition imprimée bilingue ont été incorrectement copiés dans cette édition électronique. |
| 590 | |a11-04-Supp|b2011-02-17 |
| 775 | 08|tNational Energy Board, performance report for the period ending March 31, 2000 |w(CaOODSP)9.569112 |
| 776 | 0#|tNational Energy Board |w(CaOODSP)9.534174 |
| 776 | 0#|tOffice national de l'énergie |w(CaOODSP)9.534175 |
| 830 | #0|aRapport sur le rendement pour la période se terminant le 31 mars 2000 ;|vPour la période se terminant le 31 mars 2000|w(CaOODSP)9.502702 |
| 856 | 40|ahttp://publications.gc.ca|qPDF|s353 Ko|uhttps://publications.gc.ca/collections/Collection/BT31-4-7-2000F.pdf|yPour la période se terminant le 31 mars 2000 |